National Parks Of South East Queensland - Statistics

General Stats
  • This quiz has been taken 9 times
    7 since last reset
  • The average score is 20 of 42
Answer Stats
Answer % Correct
Glass House Mountains
100%
Lamington
100%
Bribie Island
75%
Burleigh Head
75%
D'Aguilar
75%
Fort Lytton
75%
Great Sandy
75%
Main Range
75%
Mooloolah River
75%
Moreton Island
75%
Mount Barney
75%
Mount Coolum
75%
Noosa
75%
Springbrook
75%
Tamborine
75%
Tuchekoi
75%
Conondale
50%
Kondalilla
50%
Lockyer
50%
Mapleton
50%
Mapleton Falls
50%
Moogerah Peaks
50%
Mount Chinghee
50%
Nerang
50%
St. Helena Island
50%
Venman Bushland
50%
Dularcha
25%
Eudlo Creek
25%
Freshwater
25%
Gatton
25%
Naree Budjong Djara
25%
Southern Moreton Bay Islands
25%
Teerk Roo Ra
25%
Tewantin
25%
Wickham
25%
Bellthorpe
0%
Esk
0%
Ferntree Creek
0%
Nicoll Scrub
0%
Ravensbourne
0%
Sarabah
0%
Triunia
0%
No matching quizzes found
Score Distribution
Percent of People with Each Score
Percentile by Number Answered
Your Score History
You have not taken this quiz since the last reset